Get on out of here, Philip Hall / (Record no. 1104)

MARC details
000 -LEADER
fixed length control field 01007pam a2200301 i 4500
005 - DATE AND TIME OF LATEST TRANSACTION
control field 20231214102555.0
020 ## - INTERNATIONAL STANDARD BOOK NUMBER
International Standard Book Number 9780545154178
040 ## - CATALOGING SOURCE
Original cataloging agency DLC
Transcribing agency DLC
Modifying agency DLC
Language of cataloging eng
050 00 - LIBRARY OF CONGRESS CALL NUMBER
Classification number PZ7.G8283
Item number Ge
082 00 - DEWEY DECIMAL CLASSIFICATION NUMBER
Classification number 823.914
Edition number 19
100 1# - MAIN ENTRY--PERSONAL NAME
Personal name Greene, Bette,
Dates associated with a name 1934-
245 10 - TITLE STATEMENT
Title Get on out of here, Philip Hall /
Statement of responsibility, etc. by Bette Greene.
260 ## - PUBLICATION, DISTRIBUTION, ETC.
Place of publication, distribution, etc. New York :
Name of publisher, distributor, etc. Scholastic,
Date of publication, distribution, etc. 1981
300 ## - PHYSICAL DESCRIPTION
Extent 150 pages :
Dimensions 20 cm
Other physical details illustrations ;
500 ## - GENERAL NOTE
General note Sequel to: Philip Hall likes me I reckon maybe.
500 ## - GENERAL NOTE
General note Sequel: I've already forgotten your name, Philip Hall!
505 ## - FORMATTED CONTENTS NOTE
Formatted contents note X <br/>
520 ## - SUMMARY, ETC.
Summary, etc. While trying to outdo Philip Hall, Beth learns an important but painful lesson about leadership.
521 ## - TARGET AUDIENCE NOTE
Target audience note 890 <br/>
Source Lexile <br/>
521 ## - TARGET AUDIENCE NOTE
Target audience note X <br/>
Source Raz-Plus <br/>
650 #1 - SUBJECT ADDED ENTRY--TOPICAL TERM
Topical term or geographic name entry element Self-perception
Form subdivision Fiction.
650 #1 - SUBJECT ADDED ENTRY--TOPICAL TERM
Topical term or geographic name entry element Leadership
Form subdivision Fiction.
650 #1 - SUBJECT ADDED ENTRY--TOPICAL TERM
Topical term or geographic name entry element Friendship
Form subdivision Fiction.
650 #1 - SUBJECT ADDED ENTRY--TOPICAL TERM
Topical term or geographic name entry element African Americans
Form subdivision Fiction.
906 ## - LOCAL DATA ELEMENT F, LDF (RLIN)
a 7
b cbc
c orignew
d u
e ocip
f 19
g y-gencatlg
942 ## - ADDED ENTRY ELEMENTS (KOHA)
Source of classification or shelving scheme Dewey Decimal Classification
Koha item type Books
Suppress in OPAC No
999 ## -
-- 1104
-- 1104
Holdings
Withdrawn status Lost status Source of classification or shelving scheme Damaged status Not for loan Collection Home library Current library Shelving location Date acquired Total Checkouts Full call number Barcode Date last seen Copy number Price effective from Koha item type
    Dewey Decimal Classification     Juvenile Fiction Footprints International School Library Network Toul Kork Campus Footprints International School Library Network Toul Kork Campus TTP Secondary Fiction Bookshelves 07/31/2023   GRE 823.914 PZ7.G8283 FISSE01140 07/31/2023 1 07/31/2023 Books
    Dewey Decimal Classification     Juvenile Fiction Footprints International School Library Network Toul Kork Campus Footprints International School Library Network Toul Kork Campus TTP Secondary Fiction Bookshelves 12/14/2023   GRE 823.914 PZ7.G8283 FIS00115 12/14/2023 2 07/31/2023 Books